000 01639nam2a22002411 4500
001 rc\627677
005 20250621232810.0
035 _a(NLR Aleph) 005976622
090 _a6985201
_c6985201
100 _a20070321d1986 |||y0rusy50 ca
101 0 _arus
102 _aRU
105 _ay |||||||||
200 1 _aКомплексная программа научно-технического прогресса Латвийской ССР
_fРесп. науч. совет по пробл. науч.-техн. и соц.-экон. прогнозирования при Президиуме АН ЛатвССР и Госплане ЛатвССР, Головная орг. Респ. науч. совета - Ин-т экономики АН ЛатвССР
210 _d1986
_aБ. м.
215 _a72 с.
333 _aДСП. Экз. № 000008
461 0 _1001rc\1188612
_12001#$aКомплексная программа научно-технического прогресса СССР на 1991-2010 годы (по пятилетиям)$fАН СССР, Гос. ком. СССР по науке и технике$vКонцепция регионального раздела 4.10
_96957187
_cМ.
_d1986
_fАН СССР, Гос. ком. СССР по науке и технике
_nВИНИТИ
_tКомплексная программа научно-технического прогресса СССР на 1991-2010 годы (по пятилетиям)
_vКонцепция регионального раздела 4.10
801 0 _aRU
_bNLR
_gpsbo
801 1 _aRU
_bELAR
_2rusmarc
852 _aNLR
_j86-50К/9576
942 _cBOOK
980 _aNB